00968cam a22002654a 450000100060000000300080000600500170001400800410003102000380007203500190011004000270012904100080015608200270016410000300019124500840022125000120030526000310031730000260034850400510037465000310042565000560045670000280051285600880054085600740062866705BD-RjUL20211209081553.0170319s2001 nyua b 001 0 eng  a0471386790 (cl. : acidfree paper) a(BD-RjUL)66836 aDLCcDLCdBD-RjULbeng aeng00a621.3192223bTHA 20011 aThomas, Roland E.,d1930-14aThe analysis and design of linear circuits /cRoland E. Thomas, Albert J. Rosa. a3rd ed. aNew York :bWiley,cc2001. a832 :bill. ;c27 cm. aIncludes bibliographical references and index. 0aElectric circuit analysis. 0aElectric circuits, LinearxDesign and construction.1 aRosa, Albert J.,d1942-423Publisher descriptionuhttp://www.loc.gov/catdir/description/wiley035/00023753.html4 3Table of Contentsuhttp://www.loc.gov/catdir/toc/onix06/00023753.html